000 00786nam a22002897a 4500
001 BS2023000238
003 BR-BrBNA
005 20240830143712.0
008 240830b bl.||||| |||| 00| 0 por d
020 _a978-85-01-08851-2
040 _aBR-BrBNA
_bpor.
041 _apor.
072 _aS85
100 _4Aut.
_aSidney, Sheldon
100 _4Aut.
_aBagshawe, Tilly
100 _4Trad.
_aGerhardt, Michele
245 _aA senhora do jogo /
250 _a9. ed.
260 _aRio de Janeiro - RJ :
_bRecord,
_c2010
300 _a461p.
500 _aTitulo original em inglês: Sidney Sheldons The mistress of the game.
650 _aLITERATURA-NORTE AMERICANA
650 _aROMANCE
909 _a202408
_bMaria Neves
942 _cBK
999 _c301073
_d301073